| 000 | 00480nam a2200193Ia 4500 | ||
|---|---|---|---|
| 008 | 240821s9999 xx 000 0 und d | ||
| 020 |
_a9789390812776 _qhbk |
||
| 041 | _aeng. | ||
| 082 |
_a536.7 _bPAT |
||
| 100 | _aPatel, Praveen Bhai | ||
| 245 | 0 |
_aThermodynamics. _cPraveen Bhai Patel |
|
| 250 | _a1st edition | ||
| 260 |
_bWave Books _c2024 _aDelhi |
||
| 300 | _a293p. | ||
| 650 | _aPhysics | ||
| 650 | _aThermodynamics | ||
| 700 | _aRourke, Colin | ||
| 942 | _cENGLISH | ||
| 999 |
_c522689 _d522689 |
||